000 01556cam a2200337 a 4500
001 3068
005 20251028082802.0
020 _a9780531207765
040 _aDLC
_cDLC
_dIG#
_dDLC
_beng
050 0 0 _aQC774.M4
_b 2010
082 0 0 _a539.7092
100 1 _aVenezia, Mike
245 1 0 _aLise Meitner :
_bhad the right vision about nuclear fission /
_cwritten and illustrated by Mike Venezia.
250 _aPublished in 2010
260 _aNew York :
_bChildren's Press,
_c2010
300 _a32 pages ;
_bcolor illustrations ,
_c25 cm.
490 _aGetting to know the world's greatest inventors & scientists
500 _aIncludes index.
505 _aZ
520 _aMembers Reviews Popularity Average rating Conversations 69 1 381,743 None None These books are without a doubt the definitive and most entertaining biographies of scientists for young readers. Author and artist Mike Venezia provides hilarious, cartoon-style illustrations to complement his easy-to-read text and full-color reproductions of the scientists' sketches and notebooks.
521 _a920
_bLexile
521 _aZ
_bRaz-Plus
650 0 _aPhysicists
_zGermany
_vBiography
_vJuvenile literature.
650 0 _aWomen physicists
_zGermany
_vBiography
_vJuvenile literature.
650 0 _aNuclear fission
_vJuvenile literature.
650 1 _aPhysicists
_zGermany
_vBiography.
650 1 _aWomen physicists
_zGermany
_vBiography.
650 1 _aNuclear fission
_vJuvenile literature.
906 _a7
_bcbc
_corignew
_d1
_eecip
_f20
_gy-gencatlg
942 _2ddc
_cBK
_n0
999 _c3068
_d3068